| 000 | 00316nam a2200097Ia 4500 | ||
|---|---|---|---|
| 008 | 220204s9999 xx 000 0 und d | ||
| 082 |
_a82.1=214.21(038) _bGLO;1 |
||
| 245 | 0 | _aGlossary of Administrative Terms(English-Hindi) | |
| 260 |
_aNew Delhi _bCommission for Scientific and Technical Terminology _c2008 |
||
| 942 | _cBK | ||
| 999 |
_c44336 _d44336 |
||